00282nam a22001217a 4500003000500000005001700005008004100022082001400063100001900077245004300096260001300139300000800152NUST20180425050554.0180425b ||||| |||| 00| 0 eng d a330.9 GOL 4Claudia Goldin aHandbook of cliometrics, Human Capital aUKc2014 a40p